PRINCIPLES OF DAIRY CHEMISTRY (Record no. 17468)

MARC details
000 -LEADER
fixed length control field 00456nam a22001697a 4500
003 - CONTROL NUMBER IDENTIFIER
control field OSt
005 - DATE AND TIME OF LATEST TRANSACTION
control field 20211110112452.0
008 - FIXED-LENGTH DATA ELEMENTS--GENERAL INFORMATION
fixed length control field 211110b |||||||| |||| 00| 0 eng d
020 ## - INTERNATIONAL STANDARD BOOK NUMBER
International Standard Book Number 0-88275-324-X
040 ## - CATALOGING SOURCE
Transcribing agency HAWASSA UNIVERSITY
050 ## - LIBRARY OF CONGRESS CALL NUMBER
Classification number 637/JEN
Item number 2
082 ## - DEWEY DECIMAL CLASSIFICATION NUMBER
Classification number 637/JEN
Item number 2
100 ## - MAIN ENTRY--PERSONAL NAME
Personal name JENNESS ROBERT
Fuller form of name JENNESS ROBERT
9 (RLIN) 17661
245 ## - TITLE STATEMENT
Title PRINCIPLES OF DAIRY CHEMISTRY
260 ## - PUBLICATION, DISTRIBUTION, ETC.
Place of publication, distribution, etc. NEW YORK
Name of publisher, distributor, etc. ROBERT E. KRIEGER
Date of publication, distribution, etc. 1976
942 ## - ADDED ENTRY ELEMENTS (KOHA)
Source of classification or shelving scheme Dewey Decimal Classification
Koha item type Books like text book referance book
Suppress in OPAC No
Holdings
Withdrawn status Lost status Source of classification or shelving scheme Damaged status Not for loan Home library Current library Date acquired Total Checkouts Full call number Barcode Date last seen Copy number Price effective from Koha item type
    Dewey Decimal Classification     College of Agriculture Library College of Agriculture Library 11/10/2021   637/JEN ALIB0002041 11/10/2021 1 11/10/2021 Books like text book referance book
    Dewey Decimal Classification     College of Agriculture Library College of Agriculture Library 11/10/2021   637/JEN ALIB0001569 11/11/2021 2 11/10/2021 Books like text book referance book
    Dewey Decimal Classification     College of Agriculture Library College of Agriculture Library 11/11/2021   637/JEN ALIB002042 11/11/2021 1 11/11/2021 Books like text book referance book